00354nam a2200169Ia 4500003000400000005001700004008004100021020001800062040000700080041000800087082001500095100001500110245001900125260002000144300000800164650001200172OSt20251028143251.0250729s2005 xx 000 0 und d a9788122302103 cAL aeng a574.1 HASA aHashmi A H aAnimal kingdom aNew Delhic2005 a32p aBiology